|
|
|
|
| LEADER |
00909 a2200253 4500 |
| 005 |
20151026133349.0 |
| 008 |
150223b xxu||||| |||| 00| 0 eng d |
| 020 |
|
|
|a 9781466594906
|
| 080 |
|
|
|a 620.3:53.082.9
|b LAG
|
| 100 |
|
|
|a Lagally, Eric; ed.,
|
| 245 |
|
|
|a Microfluidics and nanotechnology
|b biosensing to the single molecule limit
|c ed. by Eric Lagally and Krzysztof Iniewski
|
| 260 |
|
|
|c 2014
|b CRC Press
|a Boca Raton
|
| 300 |
|
|
|a xvi, 274p.
|
| 490 |
|
|
|a Devices ,circuits and systems
|
| 653 |
|
|
|a Biosensors
|
| 653 |
|
|
|a Biomolecules
|
| 653 |
|
|
|a Crytochemistry
|
| 653 |
|
|
|a Microfluidics - Industrial applications
|
| 653 |
|
|
|a Molecular recognition
|
| 653 |
|
|
|a Nanofluids
|
| 700 |
|
|
|a Iniewski, Krzysztof; ed. by
|
| 942 |
|
|
|c BK
|6 _
|
| 999 |
|
|
|c 69223
|d 69223
|
| 952 |
|
|
|0 0
|1 0
|2 udc
|4 0
|6 6203530829_LAG
|7 0
|9 81342
|a UL
|b UL
|d 2015-01-29
|g 0.00
|o 620.3:53.082.9 LAG
|p 00072152
|r 2015-01-29
|v 0.00
|w 2015-01-29
|y BK
|